banner koha

Efeito de meios de cultura no desenvolvimento micellal e producao de conidios de Alternaria sp. do feijoeiro (Phaseolus vulgaris L.) (Registro n. 158623)

MARC details
000 -LÍDER
campo de controle de tamanho fixo 00872nas a2200289 4500
001 - NÚMERO DE CONTROLE
campo de controle BR9800801
003 - IDENTIFICADOR DO NÚMERO DE CONTROLE
campo de controle BR-BrBNA
005 - DATA E HORÁRIO DA ÚLTIMA TRANSAÇÃO
campo de controle 20231205100903.0
007 - CAMPO FIXO DE DESCRIÇÃO FÍSICA--INFORMAÇÃO GERAL
campo de controle de tamanho fixo ta
008 - CAMPO DE DADOS FIXOS--INFORMAÇÃO GERAL
campo de controle de tamanho fixo 230509b bl.|||p| |||| 00| 00por d
040 ## - FONTE DA CATALOGAÇÃO
Instituição da catalogação original BR-BrBNA
Idioma da catalogação por
Instituição que transcreveu o registro Biblioteca Nacional de Agricultura
041 ## - CÓDIGO DE IDIOMA
Código do idioma do texto/trilha sonora ou título diferente (Pt)
072 ## - CÓDIGO DE CATEGORIA DE ASSUNTO
Código de Categoria de Assunto H20
100 1# - ENTRADA PRINCIPAL--NOME PESSOAL
Nome pessoal Mazzonetto, F.
100 1# - ENTRADA PRINCIPAL--NOME PESSOAL
Nome pessoal Menten, J.O.M.
100 1# - ENTRADA PRINCIPAL--NOME PESSOAL
Nome pessoal Paradela, A.L.
100 1# - ENTRADA PRINCIPAL--NOME PESSOAL
Nome pessoal Galli, M.A.
245 1# - TÍTULO
Título Efeito de meios de cultura no desenvolvimento micellal e producao de conidios de Alternaria sp. do feijoeiro (Phaseolus vulgaris L.)
650 ## - ASSUNTO--TERMO TÓPICO
Cabeçalho tópico ou nome geográfico Feijao
650 ## - ASSUNTO--TERMO TÓPICO
Cabeçalho tópico ou nome geográfico Conidio
650 ## - ASSUNTO--TERMO TÓPICO
Cabeçalho tópico ou nome geográfico Fungo
650 ## - ASSUNTO--TERMO TÓPICO
Cabeçalho tópico ou nome geográfico Meio de Cultura
650 ## - ASSUNTO--TERMO TÓPICO
Cabeçalho tópico ou nome geográfico Esporulacao
773 0# - ENTRADA ANALÍTICA
Título Ecossistema (Brazil)
ISSN - International Standard Serial Number ISSN 0100-4107
Partes relacionadas (Oct-Dec 1996), v. 21 p. 59-61
Número de controle do registro BR9800801
909 ## -
-- 202311
-- Lúcia
-- 55
-- Lúcia Elande
942 ## - ELEMENTOS DE ENTRADA ADICIONADOS (KOHA)
Fonte da classificação ou esquema de arquivamento na estante Classificação AGRIS
Ocultar no OPAC Não
Tipo de material Koha Analítica
Exemplares
Situação do descarte Fonte da classificação ou esquema de arquivamento na estante Situação física Não pode ser emprestado Biblioteca de origem Biblioteca atual Localização na estante Enumeração do periódico / cronologia Total de empréstimos Data de último acesso Número do exemplar Tipo de material Koha Fonte de aquisição
  Classificação AGRIS   Consulta local Biblioteca Nacional de Agricultura - Binagri Biblioteca Nacional de Agricultura - Binagri   (Oct-Dec 1996), v. 21 p. 59-61   29/11/2023 01 Periódicos Portaria Interministerial nº 164/94

BINAGRI

Telefone: (61)3218-2567/2388/3357/2097 - binagri@agro.gov.br

Ministério da Agricultura e Pecuária , Esplanada dos Ministérios, Bloco D, Anexo B, Brasília/DF, CEP: 70.043-900